Rules and guidelines to the test of professional competence for registration as valuers

Bibliographic Details
Corporate Author: Board of Valuers, Appraisers & Estates Agents, Malaysia
Format: Book
Language:English
Published: Kuala Lumpur : The Board of Valuers, Appraisers, and Estate Agents, Malaysia 2004
Subjects:

MARC

LEADER 00000cam a2200000 7i4500
001 0000006890
005 20240913.0
008 240620 my eng
040 |a INS   |b eng   |e rda 
090 0 0 |a RHD890.6.M4   |b .L46 2004 
245 0 0 |a Rules and guidelines to the test of professional competence for registration as valuers 
264 1 |a Kuala Lumpur :   |b The Board of Valuers, Appraisers, and Estate Agents, Malaysia   |c 2004 
300 |a 28 pages ;   |c 30 cm. 
336 |a text  |2 rdacontent 
337 |a unmediated  |2 rdamedia 
338 |a volume  |2 rdacarrier 
650 0 |a Real estate agents   |x Licenses   |z Malaysia   |x Examinations, questions, etc. 
710 2 |a Board of Valuers, Appraisers & Estates Agents, Malaysia 
999 |a 0000007486   |b BOOK   |c Red Spot   |e Default branch 
999 |a 0000023478   |b BOOK   |c Red Spot   |e Default branch 
999 |a 0000023479   |b BOOK   |c Red Spot   |e Default branch 
999 |a 0000023480   |b BOOK   |c Red Spot   |e Default branch